Loading...
| Fine Arts - Classical Music | 0 | 7 | 0 | 0 | 70 | 26 | 77.00 | 3 | 7 | 0.00 | 0.00 |
| History - European | 0 | 6 | 0 | 1 | 60 | 60 | 90.83 | 0 | 6 | 0.00 | 0.00 |
| History - Other | 0 | 6 | 0 | 0 | 60 | 62 | 82.67 | 2 | 5 | 0.00 | 0.00 |
| History - American | 0 | 5 | 0 | 0 | 50 | 62 | 73.20 | 4 | 5 | 0.00 | 0.00 |
| Literature - World | 0 | 5 | 0 | 1 | 50 | 52 | 95.00 | 1 | 3 | 0.00 | 0.00 |
| Fine Arts - Other | 0 | 5 | 0 | 0 | 50 | 81 | 110.80 | 2 | 4 | 0.00 | 0.00 |
| Fine Arts - Painting and Sculpture | 0 | 5 | 0 | 1 | 50 | 47 | 74.00 | 3 | 5 | 0.00 | 0.00 |
| Literature - European | 0 | 3 | 0 | 0 | 30 | 82 | 99.67 | 1 | 3 | 0.00 | 0.00 |
| Literature - British | 0 | 3 | 0 | 1 | 30 | 123 | 133.67 | 1 | 3 | 0.00 | 0.00 |
| Mythology | 0 | 3 | 0 | 0 | 30 | 91 | 97.33 | 0 | 3 | 0.00 | 0.00 |
| History - World | 0 | 2 | 0 | 1 | 20 | 38 | 65.00 | 1 | 2 | 0.00 | 0.00 |
| Science - Chemistry | 0 | 2 | 0 | 1 | 20 | 88 | 88.00 | 1 | 2 | 0.00 | 0.00 |
| Science - Other | 0 | 2 | 0 | 0 | 20 | 41 | 68.50 | 1 | 2 | 0.00 | 0.00 |
| Literature - American | 0 | 2 | 0 | 0 | 20 | 101 | 105.50 | 0 | 2 | 0.00 | 0.00 |
| Social Science | 0 | 2 | 0 | 0 | 20 | 74 | 82.00 | 1 | 1 | 0.00 | 0.00 |
| Popular Culture | 0 | 2 | 0 | 0 | 20 | 100 | 116.50 | 2 | 2 | 0.00 | 0.00 |
| Religion | 0 | 2 | 0 | 0 | 20 | 86 | 89.00 | 0 | 2 | 0.00 | 0.00 |
| Geography | 0 | 1 | 0 | 0 | 10 | 28 | 28.00 | 1 | 1 | 0.00 | 0.00 |
| Science - Physics | 0 | 1 | 0 | 0 | 10 | 40 | 40.00 | 1 | 1 | 0.00 | 0.00 |
| Philosophy | 0 | 1 | 0 | 0 | 10 | 85 | 85.00 | 1 | 1 | 0.00 | 0.00 |